000 01429nam a2200265Ia 4500
999 _c38039
_d38039
001 4025
003 GE_BSU
005 20190522153149.0
008 181216s1992||||ge |||||||||||||| ||geo||
020 _a55050120708
040 _cGE_BSU
041 _ageo
080 _a517.5(075.8)+517.2/3(075.8) ჯ-35
245 _aჯერადი ინტეგრალები. მწკრივები. კომპლექსური ცვლადის ფუნქციები (თეორია და ამოცანათა კრებული)
_b[სახელმძღვ. უმაღ. სასწ. სტუდ.] /
_cს.თოფურია ; ვ .ხოჭოლავა; მ. გაბიძაშვილი ; ნ.მაჭარაშვილი ; ს.თოფურიას რედ.
264 _aთბილისი :
_bგანათლება,
_c1992.
300 _a664 გვ .:
_c22 სმ.
653 _aჯერადი ინტეგრალები
653 _aმწკრივები
653 _aკომპლექსური ცვლადის ფუნქციები
700 _aხოჭოლავა, ვ
_91493
700 _aგაბიძაშვილი, მ
_91494
700 _aმაჭარაშვილი, ს
_91503
700 _aთოფურია, ს
_eრედაქციით
_91489
942 _cBK
_2udc